| 000 | 01358cam a22003737a 4500 | ||
|---|---|---|---|
| 003 | CHAP | ||
| 005 | 20220329141835.0 | ||
| 008 | 971202d1997 mx r 00110 spa d | ||
| 010 | _a74653 | ||
| 011 | _a75625 | ||
| 035 | _a85191 | ||
| 040 | _cCHAP | ||
| 090 | _aTesis | ||
| 100 | 0 | 0 |
_aPérez Lugo, José Ramón. _989810 |
| 245 | 1 | 0 |
_aEvaluación del Metalaxyl M para el control del tizón tardío de la papa Phytophthora infestans (Mont.) de Bary _c/por José Ramón Pérez Lugo |
| 260 |
_aChapingo, Méx. : _bEl autor, _c1997 |
||
| 300 |
_a59 h. : _bgráfs. |
||
| 502 | _aTesis (Ing. Agr. Esp. en Parasitología Agrícola) -- UACH. Departamento de Parasitología Agrícola | ||
| 590 |
_aALEPH _b10 _c20130110 _lUCH01 _h1420 |
||
| 590 |
_aBATCH-UPD _b10 _c20130110 _lUCH01 _h0610 |
||
| 590 |
_aBATCH-UPD _b10 _c20130110 _lUCH01 _h2309 |
||
| 590 |
_aBATCH-UPD _b10 _c20130410 _lUCH01 _h0252 |
||
| 590 |
_aBATCH-UPD _b10 _c20130914 _lUCH01 _h1451 |
||
| 590 |
_aCONVERSION _b10 _c20130109 _lUCH01 _h1341 |
||
| 650 | 1 | 4 |
_aFungicidas. _944044 |
| 650 | 1 | 4 |
_aMetalaxyl. _975162 |
| 650 | 1 | 4 |
_aPapa _xEnfermedades por hongos. _985229 |
| 650 | 1 | 4 |
_aTizón tardío de la papa. _9113451 |
| 901 | _aBK | ||
| 905 | _aLilia Sánchez G. | ||
| 942 | _cFOLL | ||
| 949 |
_bBC _cTES _d33724000636551 _eTS2 _fc.2 _h31404 _i85191 _si |
||
| 949 |
_bBC _cTES _d851911 _eTS1 _h31403 _i85191 _sb |
||
| 999 |
_c74653 _d74653 |
||